Elementos por símbolos - Estadísticas

Estadísticas generales
  • Esta prueba ha sido intentada 10.459 veces
  • La puntuación promedio es 20 de 24
Estadísticas de respuestas
Símbolo Element % Correcto
H Hidrógeno
99%
N Nitrógeno
99%
Au Oro
96%
Fe Hierro
95%
O Oxígeno
95%
Li Litio
91%
K Potasio
91%
He Helio
90%
Ca Calcio
88%
Cu Cobre
88%
Ag Plata
88%
Na Sodio
88%
C Carbono
86%
S Azufre
82%
Si Silicio
82%
U Uranio
80%
Pb Plomo
78%
Ne Neón
76%
I Yodo
74%
Hg Mercurio
69%
As Arsénico
66%
Sn Estaño
59%
V Vanadio
57%
Sb Antimonio
47%
No se encontraron pruebas coincidentes
Distribución de puntuación
Porcentaje de gente con cada puntuación
Porcentaje por número respondido
Historial de tus puntuaciones
No has intentado esta prueba.